000 00681nam a22001817a 4500
003 UA-OsUOA
001 20025
007 ta
008 20041016b un ||||| |||| 00| 0 ukr d
100 _aДанильчук Г.
942 _cSA
040 _aUA-OsUOA
_cUA-OsUOA
_dUA-OsUOA
245 _aПогоріловка
_b[Науковці Рівнен. обл. краєзн. музею провели наук.-дослідниц. експедицію в с. Поліське Березнів. р-ну. До 1961 р. - с. Погоріловка]
300 _aС.6
955 _a0
773 0 _w0
_tВОЛИНЬ
_dРівне
_d2004
_g№40/1 жовт./
650 7 _aЕкспедиції
_2UDC
999 _c306198
_d306198